[Event "Rhein Main op-A 14th"]
[Site "Bad Homburg"]
[Date "2011.06.25"]
[Round "6"]
[White "Guth, Susanne"]
[Black "Langosch, Thomas"]
[Result "0-1"]
[WhiteElo "1751"]
[BlackElo "1525"]
[PlyCount "32"]
[EventDate "2011.06.22"]
[EventType "swiss"]
[EventRounds "7"]
[EventCountry "GER"]
[SourceTitle "EXT 2012"]
[Source "ChessBase"]
[SourceDate "2011.11.24"]
[SourceVersion "1"]
[SourceVersionDate "2011.11.24"]
[SourceQuality "1"]

1. e4 c5 2. Nf3 Nc6 3. d3 d6 4. g3 Nf6 5. Bg2 e6 6. 0-0 Be7 7. Nc3 0-0 8. h3 a6 9. Ne1 e5 10. f4 exf4 11. Bxf4 Rb8 12. Kh2 Bd7 13. Ne2 Nh5 14. Be3 Nf6 15. Nf3 Ne5 16. Nh4 Neg4+ 0-1

[Event "Rhein Main op-A 14th"]
[Site "Bad Homburg"]
[Date "2011.06.22"]
[Round "1"]
[White "Mueller, Gerhard1111"]
[Black "Langosch, Thomas"]
[Result "1-0"]
[WhiteElo "1819"]
[BlackElo "1525"]
[PlyCount "73"]
[EventDate "2011.06.22"]
[EventType "swiss"]
[EventRounds "7"]
[EventCountry "GER"]
[SourceTitle "EXT 2012"]
[Source "ChessBase"]
[SourceDate "2011.11.24"]
[SourceVersion "1"]
[SourceVersionDate "2011.11.24"]
[SourceQuality "1"]

1. e4 c5 2. Nc3 e6 3. g3 Nc6 4. Bg2 Nf6 5. d3 Be7 6. Nge2 d6 7. 0-0 Rb8 8. a4 0-0 9. h3 a6 10. f4 d5 11. e5 Ne8 12. Nb1 f6 13. exf6 Bxf6 14. c3 Bd7 15. Nd2 Nd6 16. Nf3 Be8 17. g4 Bg6 18. Be3 b6 19. Qd2 c4 20. f5 exf5 21. Ng5 Bxg5 22. Bxg5 Qd7 23. Bxd5+ Kh8 24. Nf4 Bf7 25. Qg2 Bxd5 26. Qxd5 cxd3 27. Ne6 Rfe8 28. gxf5 Ne7 29. Qxd3 Nexf5 30. Nd4 Nxd4 31. cxd4 Nf7 32. Bf4 Rbd8 33. Rad1 Re6 34. Rfe1 Rg6+ 35. Kh2 Qc6 36. Qe4 Qf6 37. Qe8+ 1-0

[Event "Cologne Longerich op 7th"]
[Site "Cologne"]
[Date "2010.07.31"]
[Round "3"]
[White "Langosch, Thomas"]
[Black "Mladenov, Svetlin"]
[Result "0-1"]
[WhiteElo "1538"]
[BlackElo "2422"]
[PlyCount "68"]
[EventDate "2010.07.30"]
[EventType "swiss"]
[EventRounds "5"]
[EventCountry "GER"]
[SourceTitle "EXT 2011"]
[Source "ChessBase"]
[SourceDate "2010.11.26"]
[SourceVersion "1"]
[SourceVersionDate "2010.11.26"]
[SourceQuality "1"]

1. d4 Nf6 2. c4 g6 3. Nc3 Bg7 4. Nf3 0-0 5. e4 d6 6. h3 Na6 7. a3 c5 8. d5 e6 9. Bf4 e5 10. Bg5 h6 11. Be3 Nh5 12. Qd2 g5 13. Be2 Nf4 14. Bf1 f5 15. g3 fxe4 16. Nxe4 Bf5 17. Nc3 Qa5 18. Qc1 Rae8 19. Bd2 Nd3+ 20. Bxd3 Bxd3 21. Ne2 Qa4 22. Nh2 Bxc4 23. Nc3 Qd7 24. Ng4 Qf5 25. Rh2 Bd3 26. Ne3 Qg6 27. Qd1 h5 28. g4 h4 29. Qc1 c4 30. Ne2 Nc5 31. Qd1 Nb3 32. Ra2 Nd4 33. Ng1 Qe4 34. Bc3 Qxe3+ 0-1